00343pab a2200121 454500008004000000100002300040245007700063260000900140300001200149362001200161650002000173773002800193180718b1996 xxu||||| |||| 00| 0 eng d aSharma, Urvashi G. aIntegrating HIV/AIDS care in family welfare services: the PSS experience c1996 ap.14-17 aNov-Dec aHealth services aHealth for the Millions